| 000 | 01457nam a2200469 i 4500 | ||
|---|---|---|---|
| 001 | 44296 | ||
| 003 | KOSZ 005 | ||
| 005 | 20191016104622.0 | ||
| 008 | 990506s1983 pl a f |001 0 pol | ||
| 015 | _aPB 1983/327 | ||
| 020 | _a8301036044 | ||
| 035 | _a991009175229705066 | ||
| 035 | _a(PL-WaBN)b12489530-48omnis_nlop | ||
| 035 | _ab12489530 | ||
| 035 | _a(OCoLC)749219612 | ||
| 035 | _a(PL)b0000001248953 | ||
| 035 | _a(EXLNZ-48OMNIS_NETWORK)9910051784405606 | ||
| 040 |
_aWA N _cWA N _dKOSZ 005/HR |
||
| 041 | 0 | _apol | |
| 046 | _k1980 | ||
| 080 | _a631.4 | ||
| 100 | 1 |
_aUggla, Hjalmar _d(1908-1983) _eAutor |
|
| 245 | 1 | 0 |
_aGleboznawstwo rolnicze / _cHjalmar Uggla. |
| 250 | _aWyd. 4. | ||
| 260 |
_aWarszawa : _bPańst. Wydaw. Naukowe, _c1983. |
||
| 300 |
_a557, [3] s., [3] k. tabl. kolor. : _bil., mapy, rys., wykr. ; _c24 cm. |
||
| 336 |
_2rdacontent _aTekst _btxt |
||
| 337 |
_2rdamedia _aBez urządzenia pośredniczącego _bn |
||
| 338 |
_2rdacarrier _aWolumin _bnc |
||
| 380 | _aKsiążki | ||
| 380 | _aPublikacje fachowe | ||
| 388 | _a1901-2000 | ||
| 388 | _a1945-1989 | ||
| 504 | _aBibliogr. s. 541-549. - Indeks. | ||
| 650 | 7 |
_aGleba _2DBN |
|
| 650 | 7 |
_aGleboznawstwo _2DBN |
|
| 651 | 7 | _aPolska | |
| 658 | _aRolnictwo i leśnictwo | ||
| 856 |
_uhttp://koha.tu.koszalin.pl/cgi-bin/koha/opac-detail.pl?biblionumber=44296 _yKatalog online BPK |
||
| 942 |
_2UKD _cKS |
||
| 999 |
_c44296 _d44296 |
||